[Event "Agadir zt 4.1"]
[Site "Agadir"]
[Date "2016.05.26"]
[Round "4"]
[White "Arbouche, Muhamed"]
[Black "Haroun, Ishagh"]
[Result "1-0"]
[WhiteElo "2173"]
[BlackElo "1969"]
[PlyCount "76"]
[EventDate "2016.05.24"]
[EventType "swiss"]
[EventRounds "9"]
[EventCountry "MAR"]
[SourceTitle "CBM 172 Extra"]
[Source "ChessBase"]
[SourceDate "2016.06.21"]
[SourceVersion "1"]
[SourceVersionDate "2016.06.21"]
[SourceQuality "1"]

1. d4 Nf6 2. Bg5 c5 3. Bxf6 gxf6 4. d5 Qb6 5. Qc1 f5 6. e3 d6 7. Nd2 e5 8. Nc4 Qd8 9. a4 Nd7 10. Ne2 Nb6 11. Nc3 Nxc4 12. Bxc4 a6 13. Qd1 Qg5 14. g3 Bd7 15. a5 Bg7 16. Na4 Bxa4 17. Rxa4 0-0 18. Be2 Rfb8 19. 0-0 b5 20. axb6 Rxb6 21. b3 e4 22. f4 Qf6 23. g4 fxg4 24. Bxg4 Qg6 25. Kh1 f5 26. Bh3 Qf7 27. Rg1 h6 28. Rg3 Ra7 29. Bf1 Kh8 30. Be2 Qf6 31. Bh5 Re7 32. Bg6 Rf7 33. Bxf7 Qxf7 34. Qe2 Qxd5 35. Qh5 Qe6 36. Rg6 Qd7 37. Rg1 Rb8 38. Rxa6 c4 1-0

[Event "MTN-ch"]
[Site "Nouakchott"]
[Date "2015.12.25"]
[Round "7"]
[White "Sabar, Ethmane Daouda"]
[Black "Haroun, Ishagh"]
[Result "1-0"]
[WhiteElo "1994"]
[BlackElo "1819"]
[PlyCount "87"]
[EventDate "2015.12.19"]
[EventType "swiss"]
[EventRounds "9"]
[EventCountry "MAU"]
[SourceTitle "EXT 2018"]
[Source "ChessBase"]
[SourceDate "2017.10.13"]
[SourceVersion "1"]
[SourceVersionDate "2017.10.13"]
[SourceQuality "1"]

1. e4 g6 2. d4 c6 3. f4 d5 4. e5 Bg7 5. Nf3 Bg4 6. Bd3 e6 7. 0-0 h5 8. c3 Nh6 9. Nbd2 Nd7 10. Qb3 Qb6 11. c4 Nf5 12. Bxf5 Bxf3 13. Qxb6 Nxb6 14. Rxf3 gxf5 15. cxd5 Nxd5 16. Nc4 Bf8 17. a4 a5 18. Bd2 Bb4 19. Bxb4 Nxb4 20. Nd6+ Ke7 21. Rc1 b6 22. Rcc3 h4 23. d5 c5 24. dxe6 fxe6 25. Rh3 Nd5 26. Rc4 Rag8 27. Rd3 Rg4 28. Nxf5+ Kf7 29. Nd6+ Ke7 30. f5 Rg5 31. f6+ Kf8 32. Rxd5 exd5 33. e6 Re5 34. e7+ Rxe7 35. fxe7+ Kxe7 36. Nf5+ Ke6 37. Rxh4 Rf8 38. Ne3 Rf6 39. Rh5 Rf4 40. Nxd5 Rxa4 41. Nxb6 Rb4 42. Rxc5 Rxb6 43. Rxa5 Rxb2 44. h3 1-0

[Event "MTN-ch"]
[Site "Nouakchott"]
[Date "2015.12.20"]
[Round "2"]
[White "Haroun, Ishagh"]
[Black "Sidi, Mbareck Mohamed"]
[Result "1/2-1/2"]
[WhiteElo "1819"]
[BlackElo "1930"]
[PlyCount "91"]
[EventDate "2015.12.19"]
[EventType "swiss"]
[EventRounds "9"]
[EventCountry "MAU"]
[SourceTitle "EXT 2018"]
[Source "ChessBase"]
[SourceDate "2017.10.13"]
[SourceVersion "1"]
[SourceVersionDate "2017.10.13"]
[SourceQuality "1"]

1. e4 e5 2. Nf3 Nc6 3. d4 exd4 4. Nxd4 Nge7 5. Nc3 Nxd4 6. Qxd4 Nc6 7. Qe3 g6 8. Bc4 Bg7 9. Bd2 a6 10. 0-0 0-0 11. Qg3 b5 12. Bd3 Ne5 13. Rab1 Nxd3 14. cxd3 b4 15. Nd5 c6 16. Nxb4 Qa5 17. Qg5 Qxg5 18. Bxg5 Re8 19. Nc2 a5 20. Rfd1 d6 21. Ne3 Be6 22. b3 d5 23. exd5 cxd5 24. d4 Rec8 25. Be7 f5 26. Bc5 f4 27. Nf1 Rc6 28. a3 Bf5 29. Rbc1 Rac8 30. b4 axb4 31. axb4 R6c7 32. h3 g5 33. Nh2 Bd7 34. Nf3 Ba4 35. Rd2 h6 36. Re1 Bb5 37. Ra2 Kf7 38. Ra5 Rb7 39. Ne5+ Bxe5 40. Rxe5 Bc4 41. Ra1 Re8 42. Rae1 Rxe5 43. Rxe5 Kg6 44. Re6+ Kh7 45. Re7+ Rxe7 46. Bxe7 1/2-1/2

[Event "MTN Selection"]
[Site "Nouakchott"]
[Date "2014.03.21"]
[Round "5"]
[White "Haroun, Ishagh"]
[Black "Boydia, Sidi"]
[Result "0-1"]
[WhiteElo "1876"]
[BlackElo "2063"]
[PlyCount "124"]
[EventDate "2014.03.18"]
[EventType "tourn"]
[EventRounds "9"]
[EventCountry "MAU"]
[SourceTitle "EXT 2018"]
[Source "ChessBase"]
[SourceDate "2017.10.13"]
[SourceVersion "1"]
[SourceVersionDate "2017.10.13"]
[SourceQuality "1"]

1. e4 c5 2. Nf3 d6 3. d4 cxd4 4. Nxd4 Nf6 5. Nc3 a6 6. Be3 b5 7. f3 Bb7 8. Qd2 Nbd7 9. Qf2 Qc7 10. Bd3 e6 11. g4 d5 12. exd5 Nxd5 13. Nxd5 Bxd5 14. Be4 Bxe4 15. fxe4 Nf6 16. Qf3 Bb4+ 17. c3 Be7 18. g5 Nd7 19. 0-0 Ne5 20. Qh5 g6 21. Qe2 Nc4 22. Rf2 e5 23. Nb3 a5 24. a4 Rb8 25. axb5 Nxe3 26. Qxe3 Rxb5 27. c4 Qxc4 28. Nxa5 Qe6 29. Qd3 Qb6 30. Nc4 Qb8 31. Rd1 0-0 32. Kg2 Bxg5 33. Qd6 Qb7 34. Rd5 Rd8 35. Qxe5 Rbxd5 36. exd5 Rxd5 37. Qe4 Bc1 38. Nd6 Rg5+ 39. Kf3 Qb3+ 40. Ke2 Qe6 41. Qxe6 fxe6 42. Nc4 Rd5 43. Rf3 g5 44. Rf6 e5 45. b4 Bf4 46. h3 e4 47. h4 Rd4 48. hxg5 Bxg5 49. Rc6 Kf7 50. b5 Bf4 51. Rc5 Ke6 52. b6 h5 53. b7 h4 54. Rc6+ Kd5 55. Na5 Rb4 56. Rc8 Rb2+ 57. Kf1 h3 58. Rh8 h2 59. Rh5+ Ke6 60. Rh3 Rb1+ 61. Kg2 Rg1+ 62. Kf2 h1Q 0-1

[Event "MAU-ch"]
[Site "Nouadhibou"]
[Date "2013.12.28"]
[Round "1"]
[White "Boydia, Sidi"]
[Black "Haroun, Ishagh"]
[Result "1-0"]
[WhiteElo "2063"]
[BlackElo "1685"]
[PlyCount "44"]
[EventDate "2013.12.28"]
[EventType "swiss"]
[EventRounds "11"]
[EventCountry "MAU"]
[SourceTitle "CBM 158 Extra"]
[Source "ChessBase"]
[SourceDate "2014.02.28"]
[SourceVersion "1"]
[SourceVersionDate "2014.02.28"]
[SourceQuality "1"]

1. e4 e5 2. Bc4 Nf6 3. d4 Nc6 4. Nf3 d5 5. exd5 Nxd5 6. dxe5 Be6 7. Bg5 Be7 8. Bxe7 Ncxe7 9. 0-0 0-0 10. Nbd2 Ng6 11. c3 Qe7 12. Qb3 c6 13. a4 b5 14. axb5 cxb5 15. Bxd5 Bxd5 16. Qxd5 Rad8 17. Qxb5 Rb8 18. Qa5 Rxb2 19. Nc4 Rb7 20. Nd4 Rc8 21. Nd6 Rcc7 22. Nxb7 Rxb7 1-0